|
|
|
|
| LEADER |
01405nam a2200349 a 4500 |
| 001 |
35325 |
| 003 |
BD-DhAAL |
| 005 |
20211129123357.0 |
| 008 |
961010t1997 deua b 001 0 eng d |
| 999 |
|
|
|c 41149
|d 41149
|
| 010 |
|
|
|a 96047428
|
| 020 |
|
|
|a 0872071480 (pbk.)
|
| 020 |
|
|
|a 9780872071483
|
| 040 |
|
|
|a DLC
|c DLC
|d DLC
|d BD-DhAAL
|
| 043 |
|
|
|a n-us---
|
| 050 |
0 |
0 |
|a LB1573
|b .R2787 1997
|
| 082 |
0 |
0 |
|a 372.4
|2 21
|
| 245 |
0 |
0 |
|a Reading engagement :
|b motivating readers through integrated instruction /
|c John T. Guthrie, Allan Wigfield, editors.
|
| 260 |
|
|
|a Newark, Del. :
|b International Reading Association,
|c c1997.
|
| 300 |
|
|
|a ix, 243 pages :
|b illustrations ;
|c 24 cm.
|
| 504 |
|
|
|a Includes bibliographical references and indexes.
|
| 526 |
|
|
|a BIED
|
| 541 |
|
|
|a Complimentary copy from BIED
|e 35325
|
| 650 |
|
0 |
|a Reading (Elementary)
|z United States.
|9 34185
|
| 650 |
|
0 |
|a Motivation in education
|z United States.
|9 34186
|
| 650 |
|
0 |
|a Active learning
|z United States.
|9 34187
|
| 650 |
|
0 |
|a Literacy
|z United States.
|9 34188
|
| 700 |
1 |
|
|a Guthrie, John T.
|9 34189
|
| 700 |
1 |
|
|a Wigfield, Allan.
|9 34190
|
| 852 |
|
|
|a Ayesha Abed Library
|c General Stacks
|
| 942 |
|
|
|2 ddc
|c BK
|
| 952 |
|
|
|0 0
|1 0
|2 ddc
|4 0
|6 372_400000000000000_REA
|7 0
|9 66178
|a BRACUL
|b BRACUL
|c GEN
|d 2019-09-08
|e Complimentary copy from BIED
|l 0
|o 372.4 REA
|p 3010035325
|r 2019-09-08
|t 1
|w 2019-09-08
|y BK
|x Transferred from BIED to General Stacks
|